• 首页
  • 本馆介绍
  • 公告通知
  • 最新文献
  • 馆藏检索
  • 电子资源
  • 读者导购
  • 参考咨询
  • 我的图书馆
  • 登录
  • 详细信息显示
  • 放入我的书架
  • 预约/预借图书
  • 作者相关作品
  • 分类相关作品
  • 丛书相关作品
  • 出版社相关作品

书目信息

  • 表格格式
  • 工作单格式
  • 卡片格式
题名:
美国军国主义与经济
    
 
作者: 法拉马江 著 ;北京师范大学外国问题研究所 译
分册:  
出版信息: 北京   商务印书馆  1977
页数: 283页
开本: 19cm
丛书名:
单 册:
中图分类: F171.241
科图分类:
主题词: 经济战略--美国
电子资源:
ISBN:
000 00748nam0 2200241 45
001 0177001936
005 20070731154814.48
010    @dCNY0.71
091    @aCN@b4017.161
100    @a19950926d1977 em y0chiy0121 ea
101 1  @achi@crus
102    @aCN@b110000
105    @ay z 000yy
200 10 @a美国军国主义与经济@Amei guo jun guo zhu yi yu jing ji@f(苏)法拉马江著@g北京师范大学外国问题研究所译
210    @a北京@c商务印书馆@d1977
215    @a283页@d19cm
606    @a经济战略@y美国
690    @aF171.241@v3
701  1 @a法拉马江@Afa la ma jiang@4著
712 02 @a北京师范大学外国问题研究所@Abei jing shi fan da xue wai guo wen ti yanjiu suo@4译
801  2 @aCN@bNLC@c20070731
801  0 @aCN@bTSSF
905    @a10447@dF171.241@e151
    
    美国军国主义与经济/(苏)法拉马江著/北京师范大学外国问题研究所译.-北京:商务印书馆,1977
    283页;19cm
    
    
    ISBN :CNY0.71
    
●
相关链接 在E读中查询图书 在五车中查询图书 在当当中查询图书 在豆瓣中查询图书


正题名:美国军国主义与经济     索取号:F171.241/151         预约/预借

序号 登录号 条形码 馆藏地/架位号 状态 备注
1 0786902   207869029   第一样本阅览室/ [索取号:F171.241/151] 在馆    
唐山师范学院图书馆 欢迎您!
大连网信软件有限公司© 版权所有